Entry Nombre personal
001 - NÚMERO DE CONTROL
- campo de control: 647
003 - IDENTIFICADOR DE NÚMERO DE CONTROL
- campo de control: AR-BaBN
005 - FECHA Y HORA DE LA ÚLTIMA TRANSACCIÓN
- campo de control: 20260226160401.0
008 - ELEMENTOS DE DATO DE LONGITUD-FIJA
- campo de control de longitud fija: 160316nn acznnaabn a aaa
016 7# - NÚMERO DE CONTROL DE UNA AGENCIA BIBLIOGRÁFICA NACIONAL
- Número de control del registro: 000040279
- Fuente: AR-BaBN
024 7# - IDENTIFICADOR DE OTROS ESTÁNDARES
- Número estándar o código: Q317160
- Fuente: wikidata
- URI de un objeto del mundo real: https://www.wikidata.org/entity/Q317160
024 7# - IDENTIFICADOR DE OTROS ESTÁNDARES
- Número estándar o código: 14768427
- Fuente: viaf
- URI de un objeto del mundo real: http://viaf.org/viaf/14768427
040 ## - FUENTE DE CATALOGACIÓN
- Centro catalogador/agencia de origen: AR-BaBN
- Lengua de catalogación: spa
- Centro/agencia transcriptor: AR-BaBN
- Normas de descripción: aacr
043 ## - CÓDIGO DE ÁREA GEOGRÁFICA
- Código de área geográfica: e-uk---
046 ## - FECHAS CON CODIFICACIÓN ESPECIAL
- Fecha de nacimiento: 1785-08-15
- Fecha de la muerte: 1859-12-08
- Fuente del esquema de fecha: edtf
075 ## - TIPO DE ENTIDAD
- Término tipo de entidad: persona
- Fuente: rda
100 1# - ENCABEZAMIENTO-NOMBRE DE PERSONA
- Nombre de persona: De Quincey, Thomas,
- Fechas asociadas al nombre: 1785-1859
370 ## - LUGAR ASOCIADO
- Lugar de nacimiento: Greenheys [Manchester (Gran Bretaña)]
- Lugar de fallecimiento: Edimburgo (Gran Bretaña)
372 ## - CAMPO DE ACTIVIDAD
- Campo de actividad: Literatura
- Campo de actividad: Periodismo
374 ## - OCUPACIÓN
- Ocupación: Escritores
- Ocupación: Periodistas
- Ocupación: Críticos literarios
375 ## - GÉNERO/SEXO
- Género: Varón
377 ## - IDIOMA ASOCIADO
- Código del idioma: eng
- Término de lengua/lenguaje: inglés
400 1# - TRAZADO DE VÉASE--NOMBRE DE PERSONA
- Nombre de persona: Quincey, Thomas de,
- Fechas asociadas al nombre: 1785-1859
670 ## - FUENTE DE DATOS ENCONTRADOS
- Cita de la fuente: Library of Congress Authorities, 16 mar. 2016:
- Información encontrada: cat. aut. (De Quincey, Thomas, 1785-1859)
670 ## - FUENTE DE DATOS ENCONTRADOS
- Cita de la fuente: British Library, 16 mar. 2016:
- Información encontrada: cat. bibl. (De Quincey, Thomas, 1785-1859)
670 ## - FUENTE DE DATOS ENCONTRADOS
- Cita de la fuente: Dicc. Bompiani de auts., 2005:
- Información encontrada: (De Quincey, Thomas; n. el 15 de ago. de 1785 en Greenheys, Manchester, y m. el 08 de dic. de 1859 en Edimburgo)
670 ## - FUENTE DE DATOS ENCONTRADOS
- Cita de la fuente: WWW Wikipedia, 16 mar. 2016:
- Información encontrada: (Thomas de Quincey; fue un periodista, crítico y escritor británico del Romanticismo)